Statystyki dla Gminy w powiecie siemiatyckim

Kliknij tutaj aby rozwiązać quiz!

Ogólne statystyki

  • Ten quiz został rozwiązany 11 razy
  • Średni wynik to 4 z 9

Statystyki odpowiedzi

Gmina% Poprawnych
Gmina miejskaSiemiatycze
91%
Gmina miejsko-wiejskaDrohiczyn
82%
Gmina wiejskaPerlejewo
55%
Gmina wiejskaMielnik
45%
Gmina wiejskaNurzec-Stacja
45%
Gmina wiejskaDziadkowice
36%
Gmina wiejskaMilejczyce
36%
Gmina wiejskaGrodzisk
27%
Gmina wiejskaSiemiatycze
18%

Rozkład punktacji

Percentyl według liczby udzielonych odpowiedzi

Procent ludzi z każdym wynikiem

Twoja historia wyników

Nie rozwiązałeś tego quizu